| 000 | 00863nam a2200241 a 4500 | ||
|---|---|---|---|
| 001 | 000303995 | ||
| 003 | AM-YeHGA | ||
| 005 | 20250618071944.0 | ||
| 008 | 030605s1969 ai ||||gr|||||||||0|arm|d | ||
| 040 | _aAM-YeHGA | ||
| 041 | 0 | _aarm | |
| 080 | _a633.6 | ||
| 090 | _aՄ-15 | ||
| 100 | 1 |
_aՄաթևոսյան, Արտաշես Ալեքսանդրի, _d1904-1999 _92671 |
|
| 245 | 1 | 0 |
_aՇաքարի ճակնդեղի մշակությունը / : _bՁեռնարկ ագրոզոոտեխն. դասընթացում սովորողների համար / _cԱ.Ա. Մաթևոսյան. |
| 260 |
_aԵրևան : _bՀայաստան, _c1969. |
||
| 300 |
_a52 էջ ; _c20 սմ. |
||
| 650 | 1 | 4 |
_aԳյուղատնտեսություն _94945 |
| 650 | 1 | 4 |
_aԲանջարաբուծություն _95743 |
| 650 | 1 | 4 | _aՇաքարի ճակնդեղ |
| 942 |
_2udc _cBK |
||
| 090 | _c113363 | ||
| 999 |
_c112025 _d112025 |
||